Eurozone - Sudden Death - Statistics

General Stats
  • This quiz has been taken 256 times
    18 since last reset
  • The average score is 15 of 27
Answers on the Grid
Answers color-coded by a green-red scale on the quiz's grid according to % correct below.
Albania
Armenia
Andorra
Austria
Azerbaijan
Belarus
Belgium
Bosnia and Herzegovina
Bulgaria
Croatia
Cyprus
Czech Republic
Denmark
Estonia
Finland
France
Georgia
Germany
Greece
Hungary
Iceland
Ireland
Italy
Kazakhstan
Kosovo
Latvia
Liechtenstein
Lithuania
Luxembourg
Malta
Moldova
Monaco
Montenegro
Netherlands
North Macedonia
Norway
Poland
Portugal
Romania
Russia
San Marino
Serbia
Slovakia
Slovenia
Spain
Sweden
Switzerland
Turkey
Ukraine
United Kingdom
Vatican City
 
Answer Stats
Answer % Correct
Portugal
75%
Luxembourg
75%
Germany
75%
Latvia
67%
Italy
67%
Spain
67%
France
67%
Netherlands
58%
Austria
58%
Greece
58%
Malta
58%
Finland
58%
Slovakia
58%
Slovenia
58%
Lithuania
50%
Croatia
50%
Ireland
50%
Belgium
50%
Estonia
50%
Bulgaria
50%
San Marino
50%
Vatican City
50%
Cyprus
50%
Montenegro
42%
Andorra
33%
Monaco
33%
Kosovo
25%
No matching quizzes found
Score Distribution
Percent of People with Each Score
Percentile by Number Answered
Your Score History
You have not taken this quiz since the last reset